Advanced accounts (Record no. 3791)

000 -LEADER
fixed length control field 00583nam a22002291 4500
001 - CONTROL NUMBER
control field 3791
003 - CONTROL NUMBER IDENTIFIER
control field BD-DhUET
008 - FIXED-LENGTH DATA ELEMENTS--GENERAL INFORMATION
fixed length control field 740123s1966 ii k 000 0 eng
020 ## - INTERNATIONAL STANDARD BOOK NUMBER
International Standard Book Number 8121902789
040 ## - CATALOGING SOURCE
Original cataloging agency DLC
Transcribing agency DLC
Modifying agency BD-DhUET
082 00 - DEWEY DECIMAL CLASSIFICATION NUMBER
Classification number 657
Item number SHU/1999
100 1# - MAIN ENTRY--PERSONAL NAME
Personal name Shukla, M. C.
245 10 - TITLE STATEMENT
Title Advanced accounts
Statement of responsibility, etc. by M. C. Shukla and T. S. Grewal
250 ## - EDITION STATEMENT
Edition statement 14th ed.
260 ## - PUBLICATION, DISTRIBUTION, ETC. (IMPRINT)
Place of publication, distribution, etc. New Delhi
Name of publisher, distributor, etc. S, chand
Date of publication, distribution, etc. 1999
300 ## - PHYSICAL DESCRIPTION
Extent v.p.
Other physical details ill.
Dimensions 25 cm.
504 ## - BIBLIOGRAPHY, ETC. NOTE
Bibliography, etc Includes bibliographies
650 #0 - SUBJECT ADDED ENTRY--TOPICAL TERM
Topical term or geographic name as entry element Accounting
700 ## - ADDED ENTRY--PERSONAL NAME
Personal name Grewal, T. S.
700 ## - ADDED ENTRY--PERSONAL NAME
Personal name Gupta, S. C.
942 ## - ADDED ENTRY ELEMENTS (KOHA)
Koha item type General Book
Holdings
Date acquired Copy number Koha item type Source of classification or shelving scheme Location (home branch) Koha full call number Koha date last seen Damaged status Koha normalized classification for sorting Sublocation or collection (holding branch) Shelving location Piece designation (barcode) Not for loan Lost status Withdrawn status Price effective from
2014-11-051General Book Central Library, BUET657/SHU/19992014-11-05 657SHU1999Central Library, BUETCirculation section93656   2014-11-05
2014-11-052General Book Central Library, BUET657/SHU/19992014-11-05 657SHU1999Central Library, BUETCirculation section93657   2014-11-05
2014-11-053General Book Central Library, BUET657/SHU/19992014-11-05 657SHU1999Central Library, BUETCirculation section93658   2014-11-05
2014-11-054General Book Central Library, BUET657/SHU/19992014-11-05 657SHU1999Central Library, BUETCirculation section93659   2014-11-05
2014-11-055General Book Central Library, BUET657/SHU/19992014-11-05 657SHU1999Central Library, BUETCirculation section93660   2014-11-05
2014-11-056General Book Central Library, BUET657/SHU/19992014-11-05 657_000000000000000_SHU_1999Central Library, BUETCirculation section93661   2014-11-05
2014-11-057General Book Central Library, BUET657/SHU/19992014-11-05 657SHU1999Central Library, BUETCirculation section93662   2014-11-05
2014-11-058General Book Central Library, BUET657/SHU/19992014-11-05 657_000000000000000_SHU_1999Central Library, BUETCirculation section93655   2014-11-05
2015-06-209Reading Item Central Library, BUET657/SHU/19992015-06-20 657_000000000000000_SHU_1999Central Library, BUETReading section93654   2015-06-20
2015-06-2010Reading Item Central Library, BUET657/SHU/19992015-06-20 657_000000000000000_SHU_1999Central Library, BUETReading section93653   2015-06-20